Skoczkowie z największą liczbą zwycięstw w PŚ - Statystyki

Ogólne statystyki
  • Ten quiz został rozwiązany 155 razy
  • Średni wynik to 9 z 15
Statystyki odpowiedzi
Liczba zwycięstw Skoczek % Poprawnych
4 39 Kamil Stoch
98%
3 39 Adam Małysz
95%
5 36 Janne Ahonen
80%
13 21 Stefan Kraft
80%
15 20 Ryoyu Kobayashi
73%
11 23 Peter Prevc
66%
1 53 Gregor Schlierenzauer
65%
10 23 Simon Ammann
54%
2 46 Matti Nykanen
52%
7 28 Martin Schmitt
48%
9 23 Thomas Morgenstern
48%
12 22 Severin Freund
43%
14 20 Andreas Goldberger
34%
6 33 Jens Weisflog
26%
8 25 Andreas Felder
14%
Nie znaleziono quizów pasujących do podanych kryteriów
Rozkład punktacji
Procent ludzi z każdym wynikiem
Percentyl według liczby udzielonych odpowiedzi
Twoja historia wyników
Nie rozwiązałeś tego quizu